日本の市(都道府県別) - Statistics

General Stats
  • This quiz has been taken 1,971 times
    1,967 since last reset
  • The average score is 310 of 792
Answer Stats
都道府県 Answer % Correct
北海道 札幌市
84%
函館市
77%
旭市
75%
稚内市
74%
青森県 青森市
74%
旭川市
73%
宮城県 仙台市
71%
岩手県 盛岡市
69%
秋田県 秋田市
69%
釧路市
68%
山形県 山形市
67%
茨城県 水戸市
67%
神奈川県 横浜市
67%
八戸市
66%
福島県 福島市
66%
三重県 津市
66%
根室市
65%
埼玉県 さいたま市
65%
帯広市
64%
栃木県 宇都宮市
64%
千葉県 千葉市
64%
群馬県 前橋市
63%
小樽市
62%
弘前市
62%
新潟県 新潟市
62%
大阪府 大阪市
62%
苫小牧市
61%
北見市
61%
網走市
61%
いわき市
61%
富山県 富山市
61%
石川県 金沢市
61%
愛知県 名古屋市
61%
伊勢市
61%
京都府 京都市
61%
北広島市
60%
福井県 福井市
60%
長野県 長野市
60%
静岡県 静岡市
60%
富士市
60%
室蘭市
59%
むつ市
59%
郡山市
59%
あま市
59%
兵庫県 神戸市
59%
奈良県 奈良市
59%
岡山県 岡山市
59%
広島県 広島市
59%
柏市
58%
東京都 八王子市
58%
川崎市
58%
岐阜県 岐阜市
58%
滋賀県 大津市
58%
鳥取県 鳥取市
58%
福岡市
58%
沖縄県 那覇市
58%
千歳市
57%
つくば市
57%
高崎市
57%
山梨県 甲府市
57%
山口市
57%
愛媛県 松山市
57%
高知県 高知市
57%
佐賀県 佐賀市
57%
夕張市
56%
会津若松市
56%
栃木市
56%
堺市
56%
和歌山県 和歌山市
56%
香川県 高松市
56%
長崎県 長崎市
56%
熊本県 熊本市
56%
大分県 大分市
56%
宮崎県 宮崎市
56%
鹿児島県 鹿児島市
56%
石狩市
55%
北斗市
55%
花巻市
55%
石巻市
55%
日立市
55%
さくら市
55%
松本市
55%
豊田市
55%
島根県 松江市
55%
徳島県 徳島市
55%
春日市
55%
川口市
54%
相模原市
54%
横須賀市
54%
長岡市
54%
浜松市
54%
福岡県 北九州市
54%
宮古市
53%
日光市
53%
川越市
53%
大和市
53%
山口県 下関市
53%
歌志内市
52%
富良野市
52%
小田原市
52%
山梨市
52%
伊達市
51%
十和田市
51%
鶴岡市
51%
酒田市
51%
豊橋市
51%
四日市市
51%
八幡市
51%
江別市
50%
岩見沢市
50%
留萌市
50%
五所川原市
50%
一関市
50%
二戸市
50%
気仙沼市
50%
男鹿市
50%
那須塩原市
50%
太田市
50%
春日部市
50%
船橋市
50%
成田市
50%
府中市
50%
町田市
50%
多摩市
50%
西東京市
50%
鎌倉市
50%
敦賀市
50%
熱海市
50%
姫路市
50%
出雲市
50%
倉敷市
50%
北上市
49%
天童市
49%
ひたちなか市
49%
熊谷市
49%
銚子市
49%
藤沢市
49%
上越市
49%
小松市
49%
伊豆市
49%
東大阪市
49%
明石市
49%
米子市
49%
呉市
49%
滝川市
48%
登別市
48%
つがる市
48%
奥州市
48%
米沢市
48%
新庄市
48%
つくばみらい市
48%
小山市
48%
秩父市
48%
高岡市
48%
高山市
48%
草津市
48%
宇治市
48%
大田市
48%
別府市
48%
赤平市
47%
名寄市
47%
陸前高田市
47%
伊勢崎市
47%
蕨市
47%
市川市
47%
木更津市
47%
松戸市
47%
立川市
47%
佐世保市
47%
沖縄市
47%
恵庭市
46%
紋別市
46%
横手市
46%
相馬市
46%
越谷市
46%
浦安市
46%
茅ヶ崎市
46%
海老名市
46%
燕市
46%
輪島市
46%
大野市
46%
鯖江市
46%
飯田市
46%
岡崎市
46%
一宮市
46%
尼崎市
46%
境港市
46%
今治市
46%
深川市
45%
大崎市
45%
由利本荘市
45%
北秋田市
45%
白河市
45%
土浦市
45%
桐生市
45%
所沢市
45%
厚木市
45%
三条市
45%
黒部市
45%
加賀市
45%
南アルプス市
45%
上田市
45%
飛驒市
45%
みよし市
45%
和泉市
45%
西宮市
45%
福山市
45%
鳴門市
45%
久留米市
45%
大船渡市
44%
白石市
44%
名取市
44%
大館市
44%
南相馬市
44%
市原市
44%
武蔵野市
44%
青梅市
44%
調布市
44%
国分寺市
44%
国立市
44%
平塚市
44%
越前市
44%
大垣市
44%
三島市
44%
舞鶴市
44%
東広島市
44%
岩国市
44%
四国中央市
44%
中津市
44%
砂川市
43%
士別市
43%
大仙市
43%
喜多方市
43%
佐野市
43%
館山市
43%
東村山市
43%
武蔵村山市
43%
あきる野市
43%
三浦市
43%
糸魚川市
43%
氷見市
43%
珠洲市
43%
美濃市
43%
沼津市
43%
伊東市
43%
掛川市
43%
瀬戸市
43%
鈴鹿市
43%
志摩市
43%
米原市
43%
高槻市
43%
茨木市
43%
泉佐野市
43%
相生市
43%
加古川市
43%
尾道市
43%
萩市
43%
丸亀市
43%
安芸市
43%
土佐市
43%
鳥栖市
43%
鹿島市
43%
芦別市
42%
能代市
42%
鹿嶋市
42%
かすみがうら市
42%
本庄市
42%
野田市
42%
東久留米市
42%
村上市
42%
佐渡市
42%
魚沼市
42%
佐久市
42%
豊川市
42%
松阪市
42%
伊賀市
42%
彦根市
42%
吹田市
42%
倉吉市
42%
黒石市
41%
三沢市
41%
久慈市
41%
釜石市
41%
湯沢市
41%
常陸太田市
41%
北茨城市
41%
足利市
41%
草加市
41%
習志野市
41%
三鷹市
41%
砺波市
41%
南砺市
41%
白山市
41%
あわら市
41%
大月市
41%
甲斐市
41%
諏訪市
41%
関市
41%
富士宮市
41%
安城市
41%
福知山市
41%
豊中市
41%
枚方市
41%
豊岡市
41%
赤穂市
41%
宝塚市
41%
丹波市
41%
淡路市
41%
宇和島市
41%
四万十市
41%
唐津市
41%
阿蘇市
41%
天草市
41%
美唄市
40%
にかほ市
40%
取手市
40%
牛久市
40%
佐倉市
40%
南房総市
40%
柏崎市
40%
南魚沼市
40%
七尾市
40%
小浜市
40%
坂井市
40%
磐田市
40%
焼津市
40%
伊豆の国市
40%
春日井市
40%
犬山市
40%
桑名市
40%
長浜市
40%
近江八幡市
40%
芦屋市
40%
浜田市
40%
宇部市
40%
阿波市
40%
坂出市
40%
さぬき市
40%
東かがわ市
40%
八代市
40%
都城市
40%
石垣市
40%
名護市
40%
三笠市
39%
塩竈市
39%
多賀城市
39%
栗原市
39%
東松島市
39%
東根市
39%
古河市
39%
常陸大宮市
39%
那珂市
39%
東松山市
39%
上尾市
39%
富士見市
39%
我孫子市
39%
鴨川市
39%
日野市
39%
伊勢原市
39%
妙高市
39%
富士吉田市
39%
北杜市
39%
多治見市
39%
北名古屋市
39%
岸和田市
39%
池田市
39%
伊丹市
39%
田辺市
39%
新宮市
39%
廿日市市
39%
光市
39%
島原市
39%
対馬市
39%
日向市
39%
遠野市
38%
仙北市
38%
沼田市
38%
みどり市
38%
飯能市
38%
深谷市
38%
和光市
38%
久喜市
38%
日高市
38%
ふじみ野市
38%
勝浦市
38%
君津市
38%
逗子市
38%
新発田市
38%
中津川市
38%
各務原市
38%
湖西市
38%
長岡京市
38%
大和郡山市
38%
橿原市
38%
生駒市
38%
津山市
38%
延岡市
38%
八幡平市
37%
登米市
37%
須賀川市
37%
那須烏山市
37%
渋川市
37%
安中市
37%
狭山市
37%
福生市
37%
秦野市
37%
綾瀬市
37%
射水市
37%
野々市市
37%
飯山市
37%
御殿場市
37%
下田市
37%
小牧市
37%
知多市
37%
鳥羽市
37%
甲賀市
37%
京丹後市
37%
寝屋川市
37%
南あわじ市
37%
三原市
37%
三次市
37%
三好市
37%
伊予市
37%
室戸市
37%
土佐清水市
37%
諫早市
37%
薩摩川内市
37%
霧島市
37%
宮古島市
37%
岩沼市
36%
上山市
36%
村山市
36%
二本松市
36%
神栖市
36%
館林市
36%
入間市
36%
流山市
36%
甲州市
36%
美濃加茂市
36%
島田市
36%
常滑市
36%
京田辺市
36%
八尾市
36%
天理市
36%
橋本市
36%
益田市
36%
周南市
36%
山陽小野田市
36%
新居浜市
36%
大牟田市
36%
大村市
36%
奄美市
36%
うるま市
36%
龍ケ崎市
35%
守谷市
35%
富岡市
35%
行田市
35%
戸田市
35%
朝霞市
35%
三郷市
35%
昭島市
35%
小金井市
35%
狛江市
35%
座間市
35%
塩尻市
35%
下呂市
35%
藤枝市
35%
高島市
35%
亀岡市
35%
河内長野市
35%
門真市
35%
泉南市
35%
三田市
35%
長門市
35%
阿南市
35%
観音寺市
35%
西条市
35%
南国市
35%
五島市
35%
日南市
35%
指宿市
35%
平川市
34%
滝沢市
34%
尾花沢市
34%
常総市
34%
真岡市
34%
大田原市
34%
羽生市
34%
鎌ケ谷市
34%
富津市
34%
南足柄市
34%
魚津市
34%
岡谷市
34%
伊那市
34%
安曇野市
34%
羽島市
34%
刈谷市
34%
蒲郡市
34%
豊明市
34%
尾鷲市
34%
亀山市
34%
熊野市
34%
東近江市
34%
泉大津市
34%
洲本市
34%
丹波篠山市
34%
紀の川市
34%
安芸高田市
34%
伊万里市
34%
嬉野市
34%
水俣市
34%
出水市
34%
寒河江市
33%
高萩市
33%
潮来市
33%
鹿沼市
33%
鴻巣市
33%
八潮市
33%
八千代市
33%
四街道市
33%
印西市
33%
いすみ市
33%
清瀬市
33%
稲城市
33%
勝山市
33%
江南市
33%
新城市
33%
東海市
33%
知立市
33%
田原市
33%
長久手市
33%
守山市
33%
野洲市
33%
守口市
33%
摂津市
33%
大阪狭山市
33%
阪南市
33%
川西市
33%
加東市
33%
大和高田市
33%
御坊市
33%
新見市
33%
備前市
33%
武雄市
33%
壱岐市
33%
枕崎市
33%
志布志市
33%
鹿角市
32%
田村市
32%
石岡市
32%
加須市
32%
桶川市
32%
吉川市
32%
八街市
32%
香取市
32%
大網白里市
32%
小平市
32%
東大和市
32%
羽村市
32%
加茂市
32%
滑川市
32%
小矢部市
32%
上野原市
32%
中央市
32%
中野市
32%
可児市
32%
名張市
32%
木津川市
32%
箕面市
32%
加西市
32%
五條市
32%
有田市
32%
防府市
32%
飯塚市
32%
糸島市
32%
玉名市
32%
日田市
32%
結城市
31%
笠間市
31%
筑西市
31%
志木市
31%
新座市
31%
北本市
31%
袖ケ浦市
31%
白井市
31%
匝瑳市
31%
十日町市
31%
羽咋市
31%
韮崎市
31%
恵那市
31%
郡上市
31%
御前崎市
31%
菊川市
31%
津島市
31%
碧南市
31%
西尾市
31%
愛西市
31%
弥富市
31%
いなべ市
31%
向日市
31%
富田林市
31%
柏原市
31%
小野市
31%
たつの市
31%
桜井市
31%
総社市
31%
高梁市
31%
瀬戸内市
31%
善通寺市
31%
八幡浜市
31%
太宰府市
31%
南島原市
31%
佐伯市
31%
えびの市
31%
鹿屋市
31%
いちき串木野市
31%
南九州市
31%
宜野湾市
31%
鉾田市
30%
小美玉市
30%
下野市
30%
藤岡市
30%
蓮田市
30%
鶴ヶ島市
30%
白岡市
30%
胎内市
30%
かほく市
30%
都留市
30%
小諸市
30%
茅野市
30%
半田市
30%
稲沢市
30%
大府市
30%
尾張旭市
30%
栗東市
30%
湖南市
30%
綾部市
30%
宮津市
30%
南丹市
30%
貝塚市
30%
四條畷市
30%
海南市
30%
大野城市
30%
古賀市
30%
人吉市
30%
由布市
30%
小林市
30%
角田市
29%
南陽市
29%
桜川市
29%
行方市
29%
矢板市
29%
阿賀野市
29%
大町市
29%
袋井市
29%
牧之原市
29%
羽曳野市
29%
養父市
29%
安来市
29%
江津市
29%
小松島市
29%
吉野川市
29%
筑後市
29%
松浦市
29%
雲仙市
29%
国東市
29%
富谷市
28%
潟上市
28%
本宮市
28%
坂戸市
28%
東金市
28%
小千谷市
28%
能美市
28%
笛吹市
28%
駒ヶ根市
28%
千曲市
28%
海津市
28%
裾野市
28%
藤井寺市
28%
交野市
28%
高砂市
28%
雲南市
28%
玉野市
28%
笠岡市
28%
庄原市
28%
西予市
28%
東温市
28%
宿毛市
28%
香美市
28%
平戸市
28%
豊後高田市
28%
宇佐市
28%
豊後大野市
28%
南さつま市
28%
浦添市
28%
糸満市
28%
豊見城市
28%
長井市
27%
坂東市
27%
茂原市
27%
五泉市
27%
土岐市
27%
山県市
27%
岩倉市
27%
日進市
27%
松原市
27%
大東市
27%
三木市
27%
宍粟市
27%
御所市
27%
井原市
27%
美作市
27%
江田島市
27%
下松市
27%
美祢市
27%
三豊市
27%
大洲市
27%
須崎市
27%
香南市
27%
八女市
27%
行橋市
27%
筑紫野市
27%
宗像市
27%
姶良市
27%
下妻市
26%
稲敷市
26%
幸手市
26%
見附市
26%
須坂市
26%
瑞浪市
26%
城陽市
26%
西脇市
26%
朝来市
26%
岩出市
26%
竹原市
26%
美馬市
26%
直方市
26%
田川市
26%
柳川市
26%
那珂川市
26%
菊池市
26%
上天草市
26%
東御市
25%
高浜市
25%
清須市
25%
宇陀市
25%
赤磐市
25%
大竹市
25%
豊前市
25%
荒尾市
25%
山鹿市
25%
宇土市
25%
宇城市
25%
臼杵市
25%
山武市
24%
瑞穂市
24%
高石市
24%
香芝市
24%
真庭市
24%
柳井市
24%
大川市
24%
うきは市
24%
竹田市
24%
杵築市
24%
西都市
24%
南城市
24%
富里市
23%
本巣市
23%
福津市
23%
朝倉市
23%
神埼市
23%
多久市
22%
西海市
22%
津久見市
22%
串間市
22%
伊佐市
22%
小城市
21%
合志市
21%
阿久根市
21%
西之表市
21%
垂水市
21%
浅口市
20%
嘉麻市
20%
中間市
19%
曽於市
19%
葛城市
18%
小郡市
18%
宮若市
18%
みやま市
18%
日置市
18%
No matching quizzes found
Score Distribution
Percent of People with Each Score
Percentile by Number Answered
Your Score History
You have not taken this quiz since the last reset